| 000 | 00744nam a2200277Ia 4500 | ||
|---|---|---|---|
| 003 | OSt | ||
| 005 | 20241016142647.0 | ||
| 008 | 210329s9999||||xx |||||||||||||| ||und|| | ||
| 020 | _a9788126407484 | ||
| 040 | _cSTCPL | ||
| 041 | _aMAL | ||
| 082 |
_aM07 _bSRE-K |
||
| 245 | 0 |
_aKrishiyude nattarivukal / _cedited by V K Sreedharan _hകൃഷിയുടെ നാട്ടറിവുകള് |
|
| 250 | _a3rd ed. | ||
| 260 |
_aKottayam : _bDC Books , _c2004 . |
||
| 300 |
_a144 p. _bPB |
||
| 650 | _aGeneral reading | ||
| 650 | _aMalayalam literature | ||
| 650 | _aAgriculture | ||
| 650 | _aFarming | ||
| 650 | _aAgricultural studies | ||
| 650 | _aResearch | ||
| 700 | _aSreedharan, V K (ed.) | ||
| 942 | _cBK | ||
| 942 | _2ddc | ||
| 999 |
_c51297 _d51297 |
||